000 00320nam a2200133Ia 4500
008 150301s2015 xx 000 0 und d
082 _a615.7
_bB12K
100 _aJ.S. KULKARNI
245 _aBIOPHARMACEUTICS & PHARMACOKINETICS
260 _bCBS- DELHI
300 _a300
650 _aPHARMACEUTICS
942 _2ddc
_cBK
_02
999 _c7088
_d7088